|
|
|
|
| LEADER |
00000nam a2200000 4500 |
| 001 |
CDOM0000001915 |
| 003 |
mi |
| 005 |
20251008145344.0 |
| 008 |
251008b |||||||| |||| 00| 0 eng d |
| 020 |
|
|
|a 2070370445
|
| 040 |
|
|
|c mi
|
| 100 |
|
|
|a Gide, André
|
| 245 |
1 |
|
|a Le retour de l'enfant prodigue.
|b Précédé de cinq autres traités : Le traité du Narcisse, La tentative amoureuse, El Hadj, Philoctète, Bethsabé /
|c André Gide
|
| 250 |
|
|
|a 68. ed.
|
| 260 |
|
|
|a [Paris]
|b Gallimard
|c stampa 1985
|
| 300 |
|
|
|a 182 p.
|c 18 cm
|
| 490 |
|
|
|a Folio
|
| 942 |
|
|
|2 ddc
|c BK
|
| 952 |
|
|
|0 0
|1 0
|2 ddc
|4 0
|6 B_LNR006GIDANRET11
|7 0
|9 8507
|a MI
|b MI
|d 1988-11-07
|i 1484
|l 0
|o B-LNR006-GIDAN-RET11
|p CDOM1484
|r 2025-07-17 21:50:00
|w 2025-07-17
|x DONO
|y BK
|
| 999 |
|
|
|c 7087
|d 7087
|